000 00643nam a22002171 4500
001 bimo0001491922
003 OSt
005 20150210154805.0
008 990701s1974 sp spa
040 _cBMC
082 _a813.5
100 1 _aSanders, Lawrence
_d1920-1998
_930974
245 1 3 _aEl primer pecado mortal
_cSanders Lawrence ; traducción, Raquel Albornoz
260 _aBuenos Aires
_bEmece
_c1974
300 _a509 p.
_c18 cm
490 _aGrandes novelistas
546 _aTraducción de: The first deadly sin
650 2 4 _917595
_aNovela norteamericana
700 1 _91161
_aAlbornoz, Raquel
942 _2ddc
_cBK
_hahoj
999 _c18395
_d18395